000
00319nam a22001337a 4500
008
181122b xxu||||| |||| 00| 0 eng d
020
_a
9780781732819
041
_a
eng
080
_2
5th
_a
616.9
100
_a
8
101
_a
INF
245
_a
A Practical Approach to Infectious Diseases
_c
Betts,R.F
942
_2
udc
_c
BK
999
_c
52343
_d
52343